Jak budovat značku ?

Funkcie výrobnej značky. Informačný produkt Consumer/Standard firmy Stem/Mark mapujúci značky spotrebných tovarov. Súhrnný pohľad na značky. Rozdelenie známych a preferovaných značiek. Predajná výkonnosť značky. Koeficient predajnej výkonnosti. Charakteristika nevyužitého potenciálu značky.

Salvato in:
Dettagli Bibliografici
Autore principale: Přibová, Marie
Natura: Libro
Lingua:ceco
Soggetti:
Tags: Aggiungi Tag
Nessun Tag, puoi essere il primo ad aggiungerne!!

MARC

LEADER 00000nam a2200000 4500
001 r030083
005 20230522111529.4
041 0 |a cze 
044 |a CZ 
245 1 0 |a Jak budovat značku ?  |c Marie Přibová 
520 |a Funkcie výrobnej značky. Informačný produkt Consumer/Standard firmy Stem/Mark mapujúci značky spotrebných tovarov. Súhrnný pohľad na značky. Rozdelenie známych a preferovaných značiek. Predajná výkonnosť značky. Koeficient predajnej výkonnosti. Charakteristika nevyužitého potenciálu značky. 
610 2 0 |a značky výrobné 
610 2 0 |a marketing 
610 2 0 |a spotrebitelia 
610 2 0 |a stratégia marketingová 
610 2 0 |a predaj 
610 2 0 |a Consumer/Standard 
100 1 |a Přibová, Marie